=LDR 00000nam 2200000 4500 =001 INLIS000000000031444 =005 20130612133521 =008 ***********************************Ind** =035 ##$$0010-061300000031444 =041 ##$$a Ind =082 ##$$a 355.319 598 =090 ##$$a 355.319 598, Dwi d =245 ##$$a Dwifungsi ABRI perkembangan dan peranannya dalam kehidupan politik di Indonesia, oleh Soebijono, SH =260 ##$$a 1997 $b Yogyakarta =300 ##$$a 219 hlm, 21 cm =650 ##$$a Dwifunsi ABRI =850 ##$$a NBPNMAT =990 ##$$a 1286912869 =990 ##$$a 00056143 =990 ##$$a 01201712869